000 00343nam a22001577a 4500
005 20160625161304.0
008 160625b xxu||||| |||| 00| 0 eng d
041 _aeng
082 _b10247
100 _aChandra, Grirish
_92821
245 _aPrafulla (Bangla)
260 _bVarma P.
300 _a112
650 _aBangla
_92816
942 _cBK
999 _c4082
_d4081